000 00437nam a2200181Ia 4500
001 509
005 20260306140523.0
008 260306t2005||||xx |||||||||||||| ||spa||
041 _aESP
082 _a121.4
_bP773
100 _aPopper, Karl R.
_eAUT
245 0 _aConocimiento objetivo :
_bun enfoque evolucionista
260 _c2005
300 _a342 páginas :
_c23 cm.
650 _aGEN
654 _aCHU
942 _cLIB
_dJUS
_fJUS
_2ddc
_n
999 _c509
_d509